Statistics for Coldplay Songs By First Line

Click here to take the quiz!

General Stats

  • This quiz has been taken 2,909 times
    (2,908 since last reset)
  • The average score is 8 of 13

Answer Stats

Hint Answer % Correct
Look at the stars, look how they shine for youYellow
94%
I used to rule the world, seas would rise when I gave the wordViva La Vida
92%
When you try your best, but you don't succeed, when you get what you want, but not what you needFix You
88%
Come up to meet you, tell you I'm sorry, you don't know how lovely you areThe Scientist
82%
When she was just a girl, she expected the world, but it flew away from her reachParadise
80%
Lights go out and I can't be saved, tides that I tried to swim againstClocks
74%
How long before I get in? Before it starts, before I begin?Speed Of Sound
52%
Once upon a time somebody ran, somebody ran away saying fast as I can, I've got to go, I've got to goPrincess Of China
49%
Oh no, I see, a spider web is tangled up with me. And I lost my head, the thought of all the stupid things I saidTrouble
41%
Oh brother I can't, I can't get through. I've been trying hard to reach you 'cause I don't know what to doTalk
39%
Lovers, keep on the road you're on, runners, until the race is runLovers In Japan
35%
At night they would go walking, til the breaking of dayCemeteries Of London
24%
Come on, oh my star is fading, and I swerve out of controlAmsterdam
23%

Score Distribution

Percentile by Number Answered

Percent of People with Each Score

Your Score History

You have not taken this quiz since the last reset